000 00326nam a2200133Ia 4500
008 230917s9999||||xx |||||||||||||| ||und||
040 _e222472
_aMAIN
041 _aEnglish
082 _a340 Y1D
100 _aYadav, Hari Ram
245 0 _aDoctrine of ultra vires under companies act 1956
300 _a368 p.
942 _cTH
999 _c125943
_d125943